000
00318nam a22001337a 4500
999
_c
55048
_d
55048
008
200205b ||||| |||| 00| 0 eng d
041
_a
eng
080
_2
043.3
_a
043.3
082
_a
043.3
100
_a
50
101
_a
PSI
245
_a
Neurophysiological Concepts in Human Behavior
_c
Heiniger,M.C
942
_2
udc
_c
BK